000 00381nam a2200157Ia 4500
003 STCL
008 181203s9999 xx 000 0 und d
020 _a9789383575862
040 _aSTCL
_bEN
_cSTCL
082 _222
245 0 _aContemporary Discourses on Gender Justice
260 _bSSDN Publishers
_aNew Delhi
_c2016
300 _a170
546 _aEnglish
942 _2ddc
_cBK
999 _c86480
_d86480